Los árboles mueren de pie (Registro nro. 2814)

Detalles MARC
000 -Cabecera
Campo de control de longitud fija 00647aam a2200265 4500
005 - Fecha y hora de la última transacción
Campo de control 20250828155020.0
008 - Elementos de longitud fija--Información general
Campo de control de longitud fija 150612b xxu||||| |||| 00| 0 spa d
020 ## - International Standard Book Number
Número Internacional Estándar del Libro (ISBN) 9789977952345
041 ## - Idioma
Código de idioma Español
082 ## - Clasificación Decimal Dewey
Número de clasificación ES 862.44 C341a
100 ## - Entrada principal--Autor personal
Nombre personal Casona, Alejandro
9 (RLIN) 24495
245 ## - Título propiamente dicho
Título Los árboles mueren de pie
260 ## - Pie de imprenta
Lugar de publicación, distribución, etc. Costa Rica
260 ## - Pie de imprenta
Nombre del editor, distribuidor, etc. URUK Editores
260 ## - Pie de imprenta
Fecha de publicación, distribución, etc. 2007
300 ## - Descripción física
Extensión 104 páginas
490 ## - Serie
Título de la Serie Temática General
650 ## - Materia general
Temática (materia general) TEMÁTICA GENERAL
650 ## - Materia general
Temática (materia general) TEATRO ESPAÑOL
650 ## - Materia general
Temática (materia general) LITERATURA ESPAÑOLA
650 ## - Materia general
Temática (materia general) FAMILIA
650 ## - Materia general
Temática (materia general) ENGAÑO
650 ## - Materia general
Temática (materia general) FANTASÍA
942 ## - Punto de acceso adicional KOHA
Tipo de ítem KOHA Literatura
Fuente del sistema de clasificación o colocación Dewey Decimal Classification
Existencias
Signatura completa Código de barras Programa Académico Tipo de ítem
ES 862.44 C341a 16094 Temática General Literatura